000 01266nam a22003737a 4500
001 000668
003 DO-SdBPM
005 20260317123346.0
007 ta
008 161109b2006 mx spa d
020 _a 9681906802
040 _aDO-SdBPM
_bspa
_cBPMSU
_erda
082 0 4 _a843.91
_bG676a 2006
_222
100 1 _aGoscinny, Réne,
_c1926-1977.
_eautor
_4aut.
245 1 4 _aLos amiguetes del pequeño Nicolás /
_cRené Goscinny ; ilustraciones de Sempé ; traducción, Esther Benítez.
250 _a
264 _aMéxico :
_bAlfaguara,
_c2006
300 _a133 páginas :
_bilustraciones,
_c20 cm.
336 _atexto
_btxt
_2rdacontent
337 _asin mediación
_bn
_2rdamedia
338 _avolumen
_bnc
_2rdacarrier
490 0 _aAlfaguara infantil
500 _aPara niños a partir de los 10 años.
500 _a
500 _aIncluye datos biográficos del autor
534 _pTítulo original.
_tLe petit Nicolas et les copains.
590 _aInventariado, 2026/VM
650 7 _2Cuentos juveniles franceses.
650 7 _aLiteratura juvenil francesa
700 1 _aSempé, Jean-Jaques,
_eilustración
700 1 _aBenítes, Esther,
_etraductor
910 _aVMateo V. Control de calidad. BPMSU
942 _2ddc
_cBK
999 _c11873
_d11873